Beyond the linear standard: What circular models can teach us about teachers’ continuing professional learning needs in Australia, England, Japan and The Netherlands (Record no. 194181)
[ view plain ]
| 000 -LEADER | |
|---|---|
| fixed length control field | 01521nam a22001937a 4500 |
| 005 - DATE AND TIME OF LATEST TRANSACTION | |
| control field | 20250115161829.0 |
| 008 - FIXED-LENGTH DATA ELEMENTS--GENERAL INFORMATION | |
| fixed length control field | 250115b |||||||| |||| 00| 0 eng d |
| 040 ## - CATALOGING SOURCE | |
| Transcribing agency | LDD |
| 100 ## - MAIN ENTRY--PERSONAL NAME | |
| Personal name | Van Der Lans, Rikkert M. |
| 245 ## - TITLE STATEMENT | |
| Title | Beyond the linear standard: What circular models can teach us about teachers’ continuing professional learning needs in Australia, England, Japan and The Netherlands |
| 260 ## - PUBLICATION, DISTRIBUTION, ETC. | |
| Place of publication, distribution, etc. | Elsevier, 2024 |
| 300 ## - PHYSICAL DESCRIPTION | |
| Other physical details | p. 1-14 |
| 490 ## - Journal | |
| Journal | An International Journal Of Research And Studies |
| Volume/sequential designation | Vol. 138 |
| 500 ## - GENERAL NOTE | |
| General note | Accurate identification of teachers' continuing professional learning (CPL) needs is paramount to create relevant professional development opportunities. How teachers' CPL needs can best be identified is, however, a question often unaddressed. This study introduces different classes of identification methods: linear-dominance, linear-unfolding, and circular-unfolding. The TALIS 2018 data collected from primary education teachers in Australia, England, Japan, and the Netherlands were used to assess exemplar psychometric models for each methodological class. The circular-unfolding method was found to identify teachers’ CPL needs best. Outcomes are related to prior research and linked to cultural dispositions and educational policy contexts of the studied countries. |
| 650 ## - SUBJECT ADDED ENTRY--TOPICAL TERM | |
| Topical term or geographic name entry element | Circular Model |
| 700 ## - ADDED ENTRY--PERSONAL NAME | |
| Personal name | Wal, Joost Jansen In De |
| 856 ## - ELECTRONIC LOCATION AND ACCESS | |
| Link text | click here to access online |
| Uniform Resource Identifier | <a href="https://www.sciencedirect.com/science/article/pii/S0742051X23004018">https://www.sciencedirect.com/science/article/pii/S0742051X23004018</a> |
| 942 ## - ADDED ENTRY ELEMENTS (KOHA) | |
| Source of classification or shelving scheme | Dewey Decimal Classification |
| Koha item type | Article |
| Date last seen | Total checkouts | Price effective from | Koha item type | Lost status | Source of classification or shelving scheme | Damaged status | Not for loan | Withdrawn status | Home library | Current library | Date acquired |
|---|---|---|---|---|---|---|---|---|---|---|---|
| 01/15/2025 | 01/15/2025 | Article | Dewey Decimal Classification | Library and Documentation Division NCERT | Library and Documentation Division NCERT | 01/15/2025 |





